[Event "POL-ch Rapid"]
[White "Piotrowski, Przemyslaw"]
[Black "Wieczorek, Oskar"]
[Site "Lublin"]
[Round "4"]
[Result "1/2-1/2"]
[Date "2023.10.07"]
[WhiteElo "2252"]
[BlackElo "2491"]
[PlyCount "60"]
[EventDate "2023.10.07"]
[EventType "swiss (rapid)"]
[EventRounds "9"]
[EventCountry "POL"]
[SourceTitle "CBM 216 Extra"]
[Source "ChessBase"]
[SourceDate "2023.11.30"]
[SourceVersion "1"]
[SourceVersionDate "2023.11.30"]
[SourceQuality "1"]

1. d4 Nf6 2. Nf3 c5 3. c4 cxd4 4. Nxd4 Nc6 5. Nc3 e6 6. Ndb5 Bb4 7. Bf4 0-0 8. Bc7 Qe7 9. a3 Bxc3+ 10. bxc3 Ne8 11. Bg3 d5 12. e3 dxc4 13. Bxc4 e5 14. a4 a6 15. Na3 Be6 16. 0-0 Bxc4 17. Nxc4 Qc5 18. Qb3 Nf6 19. Rfd1 Rad8 20. Rxd8 Rxd8 21. Bh4 Qd5 22. Bxf6 gxf6 23. h3 b5 24. axb5 axb5 25. Na5 Qxb3 26. Nxb3 Rd3 27. Rc1 Kg7 28. Kf1 b4 29. cxb4 Rxb3 30. Rxc6 Rxb4 1/2-1/2

[Event "EU-ch Rapid"]
[White "Piotrowski, Przemyslaw"]
[Black "Pultinevicius, Paulius"]
[Site "Katowice"]
[Round "5"]
[Result "0-1"]
[Date "2022.12.17"]
[WhiteElo "2247"]
[BlackElo "2561"]
[PlyCount "60"]
[EventDate "2022.12.17"]
[EventType "swiss (rapid)"]
[EventRounds "11"]
[EventCountry "POL"]
[SourceTitle "CBM 211 Extra"]
[Source "ChessBase"]
[SourceDate "2023.01.31"]
[SourceVersion "1"]
[SourceVersionDate "2023.01.31"]
[SourceQuality "1"]

1. d4 Nf6 2. Nf3 d5 3. g3 Bf5 4. Bg2 c6 5. 0-0 Nbd7 6. c4 e6 7. Nc3 h6 8. b3 Be7 9. Bb2 0-0 10. Ne5 Qc7 11. Rc1 Rac8 12. f4 Qb6 13. e3 Rcd8 14. g4 Nxe5 15. gxf5 Nxc4 16. bxc4 Qxb2 17. fxe6 fxe6 18. Bh3 Kh8 19. Bxe6 Bb4 20. Qb3 Qxb3 21. axb3 g6 22. f5 Ng4 23. fxg6 Nxe3 24. Rf7 Rxf7 25. gxf7 dxc4 26. bxc4 Rxd4 27. Rb1 Rf4 28. Ne2 Rf6 29. Nd4 Bc5 30. Rxb7 Rf1# 0-1

[Event "EU-ch Blitz"]
[White "Cherniaiev, Tykhon"]
[Black "Piotrowski, Przemyslaw"]
[Site "Katowice"]
[Round "16"]
[Result "1-0"]
[Date "2022.12.16"]
[WhiteElo "2330"]
[BlackElo "2247"]
[PlyCount "151"]
[EventDate "2022.12.16"]
[EventType "swiss (blitz)"]
[EventRounds "22"]
[EventCountry "POL"]
[SourceTitle "CBM 211 Extra"]
[Source "ChessBase"]
[SourceDate "2023.01.31"]
[SourceVersion "1"]
[SourceVersionDate "2023.01.31"]
[SourceQuality "1"]

1. Nf3 g6 2. d4 Nf6 3. Nbd2 d5 4. c4 c6 5. e3 Bg7 6. Bd3 0-0 7. 0-0 Bf5 8. Qc2 Bxd3 9. Qxd3 Nbd7 10. b3 Re8 11. Bb2 a6 12. a4 a5 13. e4 dxe4 14. Nxe4 Nxe4 15. Qxe4 Qb6 16. Qc2 e5 17. Rad1 exd4 18. Nxd4 Nc5 19. Rfe1 Rxe1+ 20. Rxe1 Rd8 21. Qe2 Nxb3 22. Nxb3 Qxb3 23. Bxg7 Kxg7 24. Qe5+ Kg8 25. Qxa5 Rd1 26. c5 Qxa4 27. Qc3 Qd4 28. Qa5 Kg7 29. g3 Rxe1+ 30. Qxe1 Qxc5 31. Qa1+ f6 32. Qd1 Qe7 33. Qd4 Qc7 34. Qc5 b6 35. Qc4 c5 36. h4 h5 37. Kh2 Qc6 38. Qe2 Qd7 39. Qc4 Qd4 40. Qe2 Kf8 41. Qf3 Kg7 42. Qb7+ Kh6 43. Kg2 Qd6 44. Qf7 Qd8 45. Qc4 Kg7 46. Qe6 Qc7 47. Qc4 Qc6+ 48. Kh2 b5 49. Qd3 Qb7 50. Qe3 b4 51. Qxc5 b3 52. Qc1 b2 53. Qb1 Qb6 54. Kg1 Qb3 55. Kh2 Qb6 56. Kg1 Qb3 57. Kh2 Qc3 58. Qe4 Qc7 59. Qb4 Qe5 60. Qb7+ Kf8 61. Qb4+ Ke8 62. Qb7 Kd8 63. Qb6+ Kd7 64. Qb7+ Kd6 65. Qb6+ Kd5 66. Qb5+ Kd4 67. Qxb2+ Ke4 68. Qc2+ Kd5 69. Qxg6 Ke6 70. Qe8+ Kf5 71. Qxe5+ fxe5 72. Kg2 Ke4 73. f3+ Kf5 74. Kf2 e4 75. f4 Kg4 76. Ke3 1-0

[Event "EU-ch Blitz"]
[White "Haug, Havard"]
[Black "Piotrowski, Przemyslaw"]
[Site "Katowice"]
[Round "8"]
[Result "1-0"]
[Date "2022.12.16"]
[WhiteElo "2044"]
[BlackElo "2247"]
[PlyCount "33"]
[EventDate "2022.12.16"]
[EventType "swiss (blitz)"]
[EventRounds "22"]
[EventCountry "POL"]
[SourceTitle "CBM 211 Extra"]
[Source "ChessBase"]
[SourceDate "2023.01.31"]
[SourceVersion "1"]
[SourceVersionDate "2023.01.31"]
[SourceQuality "1"]

1. e4 c5 2. c3 Nf6 3. e5 Nd5 4. Nf3 b6 5. d4 cxd4 6. cxd4 Bb7 7. Bd3 d6 8. e6 fxe6 9. Ng5 Nf6 10. Nxe6 Qd7 11. Bf5 Qc6 12. Nc3 Na6 13. d5 Qc4 14. Bd3 Qc8 15. Qa4+ Kf7 16. Bf5 Qe8 17. Ng5+ 1-0

[Event "EU-ch Blitz"]
[White "Piotrowski, Przemyslaw"]
[Black "Cherniaiev, Tykhon"]
[Site "Katowice"]
[Round "15"]
[Result "0-1"]
[Date "2022.12.16"]
[WhiteElo "2247"]
[BlackElo "2330"]
[PlyCount "104"]
[EventDate "2022.12.16"]
[EventType "swiss (blitz)"]
[EventRounds "22"]
[EventCountry "POL"]
[SourceTitle "CBM 211 Extra"]
[Source "ChessBase"]
[SourceDate "2023.01.31"]
[SourceVersion "1"]
[SourceVersionDate "2023.01.31"]
[SourceQuality "1"]

1. d4 Nf6 2. Nf3 e6 3. g3 d5 4. Bg2 Be7 5. 0-0 0-0 6. c4 dxc4 7. Qc2 a6 8. a4 Bd7 9. Qxc4 Bc6 10. Bg5 Bd5 11. Qd3 Be4 12. Qc4 Nbd7 13. Nc3 Bg6 14. Rfe1 c5 15. Rad1 Nb6 16. Qb3 c4 17. Qa2 Nfd5 18. Bxe7 Qxe7 19. a5 Nxc3 20. bxc3 Nd5 21. Qb2 Qc7 22. e4 Nf6 23. Ne5 Qxa5 24. Nxc4 Qc7 25. Nb6 Rad8 26. e5 Nd5 27. Nxd5 exd5 28. e6 fxe6 29. Rxe6 Bf7 30. Re5 Qc6 31. Rde1 Rc8 32. R1e3 b5 33. h4 a5 34. Re7 Rfe8 35. Qa2 Rxe7 36. Rxe7 Qd6 37. Ra7 a4 38. Qb2 Qc6 39. Qe2 Re8 40. Qf3 Qe6 41. Kh2 h6 42. Qf4 Bg6 43. Qc7 Bf7 44. Rb7 Qf6 45. f4 Re2 46. Rb8+ Kh7 47. Qc8 Be6 48. Qh8+ Kg6 49. Qe8+ Qf7 50. f5+ Kxf5 51. Qd8 Kg6 52. Kg1 Qf2+ 0-1

[Event "EU-ch Blitz"]
[White "Piotrowski, Przemyslaw"]
[Black "Haug, Havard"]
[Site "Katowice"]
[Round "7"]
[Result "1-0"]
[Date "2022.12.16"]
[WhiteElo "2247"]
[BlackElo "2044"]
[PlyCount "59"]
[EventDate "2022.12.16"]
[EventType "swiss (blitz)"]
[EventRounds "22"]
[EventCountry "POL"]
[SourceTitle "CBM 211 Extra"]
[Source "ChessBase"]
[SourceDate "2023.01.31"]
[SourceVersion "1"]
[SourceVersionDate "2023.01.31"]
[SourceQuality "1"]

1. d4 d5 2. Nf3 Nf6 3. g3 g6 4. Bg2 Bg7 5. 0-0 0-0 6. c4 c6 7. cxd5 cxd5 8. Nc3 Nc6 9. Ne5 e6 10. Nxc6 bxc6 11. Bf4 Nd7 12. Rc1 e5 13. Be3 e4 14. Na4 Bb7 15. Qd2 Rb8 16. b3 Re8 17. Bg5 Bf6 18. Bxf6 Qxf6 19. e3 Ba6 20. Rfe1 Bb5 21. Nc5 Nxc5 22. Rxc5 h5 23. Rec1 Rb6 24. h4 Reb8 25. R1c3 a5 26. Qc1 a4 27. b4 Bc4 28. a3 Rb5 29. R5xc4 dxc4 30. Rxc4 1-0

[Event "EU-ch Blitz"]
[White "Piotrowski, Przemyslaw"]
[Black "Horvath, Dominik"]
[Site "Katowice"]
[Round "10"]
[Result "1/2-1/2"]
[Date "2022.12.16"]
[WhiteElo "2247"]
[BlackElo "2502"]
[PlyCount "94"]
[EventDate "2022.12.16"]
[EventType "swiss (blitz)"]
[EventRounds "22"]
[EventCountry "POL"]
[SourceTitle "CBM 211 Extra"]
[Source "ChessBase"]
[SourceDate "2023.01.31"]
[SourceVersion "1"]
[SourceVersionDate "2023.01.31"]
[SourceQuality "1"]

1. d4 Nf6 2. Nf3 d5 3. g3 Bg4 4. Bg2 Nbd7 5. 0-0 h6 6. c4 e6 7. Nc3 c6 8. b3 Be7 9. Bb2 0-0 10. h3 Bf5 11. Ne5 Nxe5 12. dxe5 Ne4 13. Nxe4 dxe4 14. Qc1 Bg5 15. e3 Qa5 16. Qc2 Rfd8 17. Bc3 Qc7 18. g4 Bg6 19. Bxe4 Bxe4 20. Qxe4 Be7 21. f4 Qd7 22. Rac1 Bc5 23. Kf2 Qe7 24. Kg3 Rd7 25. f5 exf5 26. Rxf5 Rad8 27. Rf3 Qe6 28. Rcf1 Rd3 29. Ba1 R8d7 30. h4 Rd2 31. Qf5 Qxf5 32. Rxf5 Rxa2 33. Bd4 Bxd4 34. exd4 Rxd4 35. Rxf7 Rd3+ 36. R1f3 Rxf3+ 37. Rxf3 a5 38. Rd3 a4 39. bxa4 Rxa4 40. e6 Kf8 41. Rd7 Rxc4 42. Rf7+ Kg8 43. Rxb7 Re4 44. Re7 Kf8 45. Rf7+ Kg8 46. Re7 Kf8 47. Rf7+ Kg8 1/2-1/2

[Event "POL-chT 2nd League"]
[White "Marszk, Kazimierz"]
[Black "Piotrowski, Przemyslaw"]
[Site "Jastrzebia Gora"]
[Round "3.44"]
[Result "0-1"]
[Date "2022.09.05"]
[WhiteElo "1872"]
[BlackElo "2219"]
[PlyCount "130"]
[EventDate "2022.09.03"]
[EventType "team-swiss"]
[EventRounds "9"]
[EventCountry "POL"]
[SourceTitle "CBM 210 Extra"]
[Source "ChessBase"]
[SourceDate "2022.11.30"]
[SourceVersion "1"]
[SourceVersionDate "2022.11.30"]
[SourceQuality "1"]
[WhiteTeam "Lipusz WDA"]
[BlackTeam "Wisznia Mala Bialy Krol"]
[WhiteTeamCountry "POL"]
[BlackTeamCountry "POL"]

1. g3 d5 2. Bg2 e5 3. Nf3 e4 4. Nd4 c5 5. Nb5 a6 6. N5a3 b5 7. c4 bxc4 8. d3 f5 9. dxe4 fxe4 10. Nc3 Be6 11. 0-0 Ra7 12. f3 e3 13. Bxe3 Nf6 14. Bg5 Be7 15. Qa4+ Qd7 16. Qxd7+ Rxd7 17. Rad1 h6 18. Bc1 d4 19. Ncb1 Nc6 20. Nd2 Na5 21. f4 c3 22. bxc3 Bxa2 23. c4 0-0 24. Nf3 Nxc4 25. Nxc4 Bxc4 26. Ne5 Bxe2 27. Nxd7 Nxd7 28. Rde1 Bxf1 29. Bxf1 Kf7 30. Bc4+ Ke8 31. Bxa6 Rf6 32. Bd3 Nb6 33. Ba3 Nd7 34. Rb1 Rb6 35. Re1 Rb3 36. Bg6+ Kd8 37. Bc1 c4 38. Bf7 Nb6 39. Rd1 Bc5 40. Kf1 d3 41. f5 Rc3 42. Bf4 Rc2 43. Rd2 Ke7 44. Be6 Rxd2 45. Bxd2 Bd4 46. Bb4+ Kf6 47. Ke1 c3 48. Kd1 Na4 49. Ba3 Nb2+ 50. Bxb2 cxb2 51. Ba2 Kxf5 52. Kd2 Ke4 53. Bb1 g5 54. g4 Kf4 55. h3 Kg3 56. Kxd3 Bh8 57. Ke2 Kxh3 58. Kf3 h5 59. Bf5 h4 60. Bb1 Kh2 61. Ke4 Kg3 62. Kf5 h3 63. Kxg5 h2 64. Be4 h1Q 65. Bxh1 b1Q 0-1

[Event "POL-chT 2nd League"]
[White "Dubinski, Mateusz"]
[Black "Piotrowski, Przemyslaw"]
[Site "Jastrzebia Gora"]
[Round "2.10"]
[Result "0-1"]
[Date "2022.09.04"]
[WhiteElo "2250"]
[BlackElo "2219"]
[PlyCount "82"]
[EventDate "2022.09.03"]
[EventType "team-swiss"]
[EventRounds "9"]
[EventCountry "POL"]
[SourceTitle "CBM 210 Extra"]
[Source "ChessBase"]
[SourceDate "2022.11.30"]
[SourceVersion "1"]
[SourceVersionDate "2022.11.30"]
[SourceQuality "1"]
[WhiteTeam "Wroclaw Kopernik"]
[BlackTeam "Wisznia Mala Bialy Krol"]
[WhiteTeamCountry "POL"]
[BlackTeamCountry "POL"]

1. d4 g6 2. c4 Bg7 3. Nc3 Nf6 4. g3 0-0 5. Bg2 d6 6. Nf3 c5 7. d5 e6 8. 0-0 exd5 9. cxd5 Na6 10. e4 Bg4 11. h3 Bxf3 12. Bxf3 Qd7 13. Kg2 b5 14. a3 c4 15. Be3 Rac8 16. Bd4 Nc5 17. Bxf6 Bxf6 18. Bg4 Qb7 19. Bxc8 Rxc8 20. Qc2 a5 21. a4 Bxc3 22. bxc3 Nxa4 23. Rxa4 bxa4 24. Qxa4 Qe7 25. f3 Rc5 26. Rd1 Kg7 27. Rd4 Qb7 28. Qc2 a4 29. Qf2 a3 30. Rd2 Rb5 31. e5 Rxd5 32. exd6 Rxd2 33. Qxd2 Qb2 34. Qxb2 axb2 35. d7 b1Q 36. d8Q Qc2+ 37. Kf1 Qxc3 38. Qd5 h5 39. h4 Qe3 40. Kg2 c3 41. Qc4 Qd2+ 0-1

[Event "POL-chT 2nd League"]
[White "Piotrowski, Przemyslaw"]
[Black "Bilczewski, Kacper"]
[Site "Sypniewo"]
[Round "6.11"]
[Result "1-0"]
[Date "2021.09.09"]
[WhiteElo "2256"]
[BlackElo "2112"]
[PlyCount "101"]
[EventDate "2021.09.04"]
[EventType "team-swiss"]
[EventRounds "9"]
[EventCountry "POL"]
[SourceTitle "CBM 204 Extra"]
[Source "ChessBase"]
[SourceDate "2021.11.30"]
[SourceVersion "1"]
[SourceVersionDate "2021.11.30"]
[SourceQuality "1"]
[WhiteTeam "Wisznia Mala Bialy Krol II"]
[BlackTeam "Rydultowy Ognisko"]
[WhiteTeamCountry "POL"]
[BlackTeamCountry "POL"]

1. e4 e6 2. d4 d5 3. e5 c5 4. c3 Nc6 5. Nf3 Bd7 6. a3 Rc8 7. b4 cxd4 8. cxd4 Nge7 9. Bb2 Nf5 10. Nc3 Be7 11. Rc1 0-0 12. h4 f6 13. g4 Nfxd4 14. Nxd4 fxe5 15. Nxc6 Bxc6 16. Bg2 Bxh4 17. 0-0 a6 18. Ne2 Qg5 19. Ng3 Rf4 20. Qe2 e4 21. a4 Bxg3 22. fxg3 Rxf1+ 23. Bxf1 d4 24. Rc5 Qd8 25. Qc4 Qd6 26. Kh2 Rf8 27. Bg2 Rf2 28. Qxd4 Qxd4 29. Bxd4 Rd2 30. Be3 Rb2 31. Rc4 Bxa4 32. Rc8+ Kf7 33. Rc7+ Ke8 34. Rxb7 Bb5 35. Kh3 Rxb4 36. Rxg7 Rb3 37. Bg5 e3 38. Re7+ Kf8 39. Rxe6 e2 40. Bd5 Rd3 41. Ba2 Rf3 42. Bh6+ Kf7 43. Rxe2+ Kg6 44. Re6+ Rf6 45. Bb1+ Kf7 46. Rxf6+ Kxf6 47. Bxh7 Bd7 48. Kh4 a5 49. g5+ Kf7 50. g6+ Kf6 51. g7 1-0

[Event "POL-chT 2nd League"]
[White "Schmidt, Wlodzimierz"]
[Black "Piotrowski, Przemyslaw"]
[Site "Sypniewo"]
[Round "3.6"]
[Result "1-0"]
[Date "2021.09.06"]
[WhiteElo "2196"]
[BlackElo "2256"]
[PlyCount "73"]
[EventDate "2021.09.04"]
[EventType "team-swiss"]
[EventRounds "9"]
[EventCountry "POL"]
[SourceTitle "CBM 204 Extra"]
[Source "ChessBase"]
[SourceDate "2021.11.30"]
[SourceVersion "1"]
[SourceVersionDate "2021.11.30"]
[SourceQuality "1"]
[WhiteTeam "Konin Hetman"]
[BlackTeam "Wisznia Mala Bialy Krol II"]
[WhiteTeamCountry "POL"]
[BlackTeamCountry "POL"]

1. d4 Nf6 2. c4 c5 3. d5 e6 4. Nc3 exd5 5. cxd5 d6 6. Nf3 g6 7. Nd2 Bg7 8. e4 0-0 9. Be2 Re8 10. 0-0 Na6 11. f3 Nc7 12. a4 b6 13. Kh1 Rb8 14. Nc4 Ba6 15. Bg5 Qd7 16. b3 h6 17. Bd2 Qe7 18. Bd3 Bxc4 19. bxc4 a5 20. Qe2 Na6 21. Rae1 Nb4 22. Bb1 Nh5 23. f4 Qh4 24. Qf3 Rb7 25. g3 Qh3 26. Nb5 Rd7 27. Qg2 Qxg2+ 28. Kxg2 Nf6 29. Kf3 Nh7 30. Re2 Na6 31. Rfe1 Nc7 32. Nxc7 Rxc7 33. e5 Rce7 34. e6 Bf6 35. h4 Kg7 36. f5 h5 37. exf7 1-0

[Event "Wroclaw Anderssen Memorial op"]
[White "Piotrowski, Przemyslaw"]
[Black "Krawiec, Grzegorz"]
[Site "Wroclaw"]
[Round "8"]
[Result "1-0"]
[Date "2021.07.31"]
[WhiteElo "2241"]
[BlackElo "1836"]
[PlyCount "69"]
[EventDate "2021.07.31"]
[EventType "swiss (rapid)"]
[EventRounds "9"]
[EventCountry "POL"]
[SourceTitle "CBM 203 Extra"]
[Source "ChessBase"]
[SourceDate "2021.09.30"]
[SourceVersion "1"]
[SourceVersionDate "2021.09.30"]
[SourceQuality "1"]

1. d4 Nf6 2. Nf3 e6 3. g3 d5 4. Bg2 Nbd7 5. 0-0 c5 6. c4 Nb6 7. cxd5 Nfxd5 8. e4 Nc7 9. Bg5 f6 10. Bf4 cxd4 11. Nxd4 Be7 12. Bxc7 Qxc7 13. Nb5 Qc5 14. N1a3 0-0 15. Qb3 Qe5 16. f4 Qc5+ 17. Kh1 a6 18. Rac1 Qb4 19. Nc7 Qxb3 20. axb3 Rb8 21. Rfd1 Bd8 22. e5 fxe5 23. fxe5 Bd7 24. Rd6 Rc8 25. Rxb6 Bxc7 26. Rxb7 Bxe5 27. Re1 Bxb2 28. Nc4 Bc3 29. Rc1 Bb2 30. Rb1 Bc6 31. Bxc6 Rxc6 32. Rxb2 Rf1+ 33. Kg2 Rd1 34. Rb8+ Kf7 35. Ne5+ 1-0

[Event "Wroclaw Anderssen Memorial op"]
[White "Piotrowski, Przemyslaw"]
[Black "Rog, Bartlomiej"]
[Site "Wroclaw"]
[Round "5"]
[Result "1-0"]
[Date "2021.07.31"]
[WhiteElo "2241"]
[BlackElo "1867"]
[PlyCount "55"]
[EventDate "2021.07.31"]
[EventType "swiss (rapid)"]
[EventRounds "9"]
[EventCountry "POL"]
[SourceTitle "CBM 203 Extra"]
[Source "ChessBase"]
[SourceDate "2021.09.30"]
[SourceVersion "1"]
[SourceVersionDate "2021.09.30"]
[SourceQuality "1"]

1. d4 Nf6 2. Nf3 b6 3. g3 Bb7 4. Bg2 e6 5. 0-0 Be7 6. c4 0-0 7. Nc3 Na6 8. b3 Ne4 9. Bb2 Nxc3 10. Bxc3 Be4 11. Re1 f5 12. Bf1 Bf6 13. Nd2 Bb7 14. e4 fxe4 15. Nxe4 Bxe4 16. Rxe4 c5 17. Bg2 Nc7 18. Qd2 d5 19. Ree1 Rc8 20. dxc5 bxc5 21. cxd5 exd5 22. Bxf6 Rxf6 23. Rac1 Qd6 24. Qa5 Ne6 25. Qxa7 d4 26. Rcd1 d3 27. Re3 Rd8 28. Be4 1-0

[Event "POL-ch Academic"]
[White "Kaminski, Maciej1"]
[Black "Piotrowski, Przemyslaw"]
[Site "Chorzow"]
[Round "6.11"]
[Result "1-0"]
[Date "2021.05.15"]
[WhiteElo "1858"]
[BlackElo "2241"]
[PlyCount "107"]
[EventDate "2021.05.14"]
[EventType "swiss (rapid)"]
[EventRounds "9"]
[EventCountry "POL"]
[SourceTitle "CBM 202 Extra"]
[Source "ChessBase"]
[SourceDate "2021.07.31"]
[SourceVersion "1"]
[SourceVersionDate "2021.07.31"]
[SourceQuality "1"]

1. e4 c5 2. Nf3 d6 3. d4 cxd4 4. Nxd4 Nf6 5. Nc3 Nc6 6. Bg5 e6 7. Qd2 a6 8. 0-0-0 Bd7 9. f4 b5 10. Bxf6 gxf6 11. Kb1 Qb6 12. Nxc6 Bxc6 13. f5 Qc5 14. Bd3 h5 15. fxe6 fxe6 16. Rhf1 Bh6 17. Qe1 Qe5 18. Qh4 Bg5 19. Qf2 h4 20. Nd5 Kf7 21. Qb6 Bd7 22. Qc7 Rad8 23. Nb6 Ke7 24. c4 Be3 25. cxb5 Bxb6 26. Qxb6 axb5 27. Qf2 Rh6 28. Qe3 Rg6 29. Qh3 Rdg8 30. Rf2 Rg4 31. Rdf1 R8g6 32. Bc2 Bc6 33. Re1 Bxe4 34. Rfe2 f5 35. Qb3 Rxg2 36. Rxg2 Rxg2 37. Bxe4 fxe4 38. Qa3 Kf6 39. Rf1+ Kg6 40. Qb3 d5 41. a4 e3 42. Ka2 e2 43. Re1 bxa4 44. Qc2+ Qe4 45. Qd2 d4 46. Qb4 Qd5+ 47. Ka1 d3 48. Qf8 d2 49. Qg8+ Kf6 50. Qf8+ Ke5 51. Qh8+ Ke4 52. Qxh4+ Kd3 53. Qh3+ Kc2 54. Qc3# 1-0

[Event "POL-ch Academic"]
[White "Golda, Sebastian"]
[Black "Piotrowski, Przemyslaw"]
[Site "Chorzow"]
[Round "4.21"]
[Result "0-1"]
[Date "2021.05.14"]
[WhiteElo "2086"]
[BlackElo "2241"]
[PlyCount "38"]
[EventDate "2021.05.14"]
[EventType "swiss (rapid)"]
[EventRounds "9"]
[EventCountry "POL"]
[SourceTitle "CBM 202 Extra"]
[Source "ChessBase"]
[SourceDate "2021.07.31"]
[SourceVersion "1"]
[SourceVersionDate "2021.07.31"]
[SourceQuality "1"]

1. e4 c5 2. Ne2 Nc6 3. d4 cxd4 4. Nxd4 Nf6 5. Nc3 d6 6. Bg5 e6 7. Qd3 a6 8. 0-0-0 Bd7 9. Be2 b5 10. f4 Qb6 11. Bxf6 gxf6 12. Nxc6 Bxc6 13. Bh5 Qc5 14. Qh3 Bd7 15. Rhe1 b4 16. Ne2 Rc8 17. Rd2 Qa5 18. Kb1 b3 19. Nc3 Rxc3 0-1

[Event "Chess.com Bullet op2"]
[White "Kazmaier, Daniel"]
[Black "Piotrowski, Przemyslaw"]
[Site "Chess.com INT"]
[Round "13"]
[Result "1-0"]
[Date "2020.12.19"]
[WhiteElo "2171"]
[BlackElo "2241"]
[PlyCount "145"]
[EventDate "2020.12.19"]
[EventType "swiss (blitz)"]
[EventRounds "21"]
[EventCountry "USA"]
[SourceTitle "EXT 2022"]
[Source "ChessBase"]
[SourceDate "2021.10.06"]
[SourceVersion "1"]
[SourceVersionDate "2021.10.06"]
[SourceQuality "1"]

1. b3 c5 2. Bb2 Nc6 3. Nf3 d6 4. e3 e5 5. d4 cxd4 6. exd4 e4 7. d5 exf3 8. dxc6 bxc6 9. Qxf3 d5 10. Bd3 Nf6 11. 0-0 Be7 12. Re1 0-0 13. Nd2 Be6 14. Nf1 h6 15. h3 c5 16. Ng3 Rb8 17. Nf5 c4 18. Nxe7+ Qxe7 19. Bxf6 Qxf6 20. Qxf6 gxf6 21. Be2 Rfc8 22. Rad1 cxb3 23. cxb3 Rc2 24. Ra1 Rbc8 25. Bd3 Rd2 26. Red1 Rxd1+ 27. Rxd1 Rc3 28. Kf1 f5 29. Ke1 Kg7 30. Kd2 Rc5 31. Re1 Kf6 32. f4 d4 33. Rc1 Rxc1 34. Kxc1 Bd5 35. g3 Be4 36. Kd2 Ke6 37. Bc4+ Ke7 38. h4 f6 39. a4 Kd6 40. b4 Bb1 41. Bd3 Bxd3 42. Kxd3 Kd5 43. b5 Kc5 44. h5 Kb4 45. Kxd4 Kxa4 46. Kc5 Ka5 47. Kc4 Kb6 48. Kb4 Kb7 49. Kc5 Kc7 50. Kd5 Kb6 51. Kc4 Kb7 52. Kc5 Kc7 53. Kd5 Kb6 54. Ke6 Kxb5 55. Kxf5 a5 56. Kg6 a4 57. Kxh6 a3 58. Kg6 a2 59. h6 a1Q 60. h7 f5 61. Kxf5 Qh8 62. g4 Kc6 63. g5 Kd7 64. Kg6 Ke7 65. f5 Kf8 66. f6 Ke8 67. Kf5 Qxh7+ 68. g6 Qd7+ 69. Kg5 Qd2+ 70. Kf5 Qe2 71. f7+ Kf8 72. Kf6 Qc2 73. g7# 1-0

[Event "Chess.com Bullet op2"]
[White "Narayanan, Samrug"]
[Black "Piotrowski, Przemyslaw"]
[Site "Chess.com INT"]
[Round "6"]
[Result "1-0"]
[Date "2020.12.19"]
[WhiteElo "2100"]
[BlackElo "2241"]
[PlyCount "151"]
[EventDate "2020.12.19"]
[EventType "swiss (blitz)"]
[EventRounds "21"]
[EventCountry "USA"]
[SourceTitle "EXT 2022"]
[Source "ChessBase"]
[SourceDate "2021.10.06"]
[SourceVersion "1"]
[SourceVersionDate "2021.10.06"]
[SourceQuality "1"]

1. e4 c5 2. Nf3 d6 3. Bb5+ Bd7 4. Bxd7+ Qxd7 5. 0-0 Nc6 6. Re1 Nf6 7. c3 e6 8. d4 cxd4 9. cxd4 d5 10. e5 Ne4 11. Nbd2 Nxd2 12. Bxd2 h6 13. Rc1 Be7 14. Qb3 a6 15. a3 b5 16. Qd3 0-0 17. Rc2 Rfc8 18. Rec1 Na7 19. Ba5 Rc4 20. Nd2 Rxc2 21. Rxc2 Rc8 22. Bb6 Rxc2 23. Qxc2 Qc6 24. Qxc6 Nxc6 25. b4 Kf8 26. Nb3 Ke8 27. Kf1 Kd7 28. Ke2 Kc8 29. Kd3 Kb7 30. Bc5 Bd8 31. f4 a5 32. Kc3 a4 33. Nc1 Be7 34. Nd3 Bd8 35. g3 g6 36. Bf8 Bb6 37. Bc5 Bc7 38. h3 h5 39. g4 hxg4 40. hxg4 Bd8 41. Nc1 Be7 42. Nd3 Bd8 43. Ne1 Kc8 44. Nf3 Kd7 45. Kd3 Be7 46. Ne1 Bxc5 47. dxc5 Ke7 48. Nc2 f6 49. Ne3 g5 50. fxg5 fxe5 51. g6 e4+ 52. Ke2 Kf6 53. Nd1 Kxg6 54. Nc3 Kg5 55. Nxb5 Kxg4 56. Nd6 d4 57. b5 d3+ 58. Ke3 Ne5 59. Nxe4 Kf5 60. c6 Nc4+ 61. Kxd3 Ne5+ 62. Kd4 Nf3+ 63. Kc5 Kxe4 64. c7 Nd4 65. c8Q Nb3+ 66. Kc6 Nd4+ 67. Kd7 Ke5 68. Qc6 Nf5 69. Qxe6+ Kf4 70. Qxf5+ Kxf5 71. b6 Ke4 72. b7 Kd4 73. b8Q Kc3 74. Qb4+ Kc2 75. Qxa4+ Kc1 76. Qb4 1-0

[Event "Chess.com Bullet op2"]
[White "Piotrowski, Przemyslaw"]
[Black "Elgersma, Onno"]
[Site "Chess.com INT"]
[Round "5"]
[Result "1/2-1/2"]
[Date "2020.12.19"]
[WhiteElo "2241"]
[BlackElo "2298"]
[PlyCount "118"]
[EventDate "2020.12.19"]
[EventType "swiss (blitz)"]
[EventRounds "21"]
[EventCountry "USA"]
[SourceTitle "EXT 2022"]
[Source "ChessBase"]
[SourceDate "2021.10.06"]
[SourceVersion "1"]
[SourceVersionDate "2021.10.06"]
[SourceQuality "1"]

1. d4 d5 2. Nf3 e6 3. g3 Nf6 4. Bg2 Be7 5. 0-0 0-0 6. c4 dxc4 7. Qc2 a6 8. a4 Nbd7 9. Qxc4 b5 10. Qc2 Bb7 11. Bg5 Be4 12. Qc1 c5 13. Nbd2 Bd5 14. axb5 axb5 15. Rxa8 Qxa8 16. dxc5 Bxc5 17. Bxf6 gxf6 18. Re1 Rc8 19. Qb1 f5 20. Nh4 Bb4 21. Qd3 Ne5 22. Qe3 Ng6 23. Nxg6 hxg6 24. Rd1 Bxg2 25. f3 Rd8 26. Kxg2 Qd5 27. Ra1 Bxd2 28. Qb6 Qd4 29. Qxd4 Rxd4 30. Rd1 Be3 31. Rxd4 Bxd4 32. b3 Kg7 33. e4 Kf6 34. exf5 gxf5 35. h4 e5 36. Kh3 e4 37. Kg2 e3 38. f4 Kg6 39. Kf3 Kh5 40. Ke2 Kg4 41. Kd3 Kxg3 42. h5 Bh8 43. Kxe3 Kh4 44. Kf3 Kxh5 45. Kg3 Bd4 46. Kh3 Be3 47. Kg3 Bc1 48. Kf3 Kh4 49. Ke2 Kg4 50. Kd3 Bxf4 51. Kd4 Bd6 52. Kd5 Bf8 53. Kc6 b4 54. Kb5 f4 55. Kc4 f3 56. Kb5 f2 57. Ka4 f1Q 58. Ka5 Qf5+ 59. Ka4 Kf3 1/2-1/2